| 000 | 00344nam a2200133Ia 4500 | ||
|---|---|---|---|
| 008 | 240624s9999 xx 000 0 und d | ||
| 041 | _aeng | ||
| 082 | _a828 WOL | ||
| 100 | _aWOLFF MICHAEL | ||
| 245 | _aFIRE AND FURY INSIDE THE TRUMP WHITE HOU | ||
| 260 |
_c2018 _aNew Delhi _bLittle Brown |
||
| 300 | _axi, 321 p.; 23 cm. | ||
| 365 |
_cRS _b30 |
||
| 999 |
_c30294 _d30294 |
||